Liiga-pelaajat kaudella 2024-25 - Statistics

Yleistilastot
  • Tätä visaa on pelattu 234 kertaa
    206 viimeisimmän päivityksen jälkeen
  • Keskiarvotulos 101 / 500
Vastaustilastot
Pelipaikka, kansallisuus, pisteet tai torjunta% Pelaajan nimi % Oikein
H, Suomi, 59 Jori Lehterä
76%
H, Suomi, 42 Iiro Pakarinen
63%
H, Suomi, 40 Eemeli Suomi
57%
P, Suomi, 26 Jimi Suomi
57%
MV, Suomi, 91% Niko Hovinen
57%
P, USA, 49 Luke Martin
56%
H, Suomi, 36 Kristian Vesalainen
52%
MV, Suomi, 90% Roope Taponen
51%
P, Suomi, 63 Atro Leppänen
50%
H, USA, 60 Patrick Curry
50%
H, Suomi, 54 Jan-Mikael Järvinen
49%
H, Suomi, 18 Tuomas Kiiskinen
48%
H, Suomi, 44 Jesse Kiiskinen
47%
H, Suomi, 23 Matti Järvinen
47%
H, Suomi, 16 Ottoville Leppänen
47%
MV, Suomi, 87% Aleksi Karjalainen
45%
H, Suomi, 14 Benjamin Korhonen
45%
H, Suomi, 56 Jaakko Rissanen
45%
MV; Suomi, 89% Juha Metsola
45%
MV, Suomi, 90% Kari Piiroinen
45%
P, Suomi, 10 Miro Karjalainen
45%
H, Suomi, 37 Patrik Virta
45%
H, Suomi, 4 Aatu Karjalainen
44%
H, Suomi, 33 Benjamin Rautiainen
44%
H, Suomi, 17 Jere Karjalainen
44%
H, Suomi, 9 Marko Anttila
44%
H, Suomi, 54 Matias Mäntykivi
44%
H, Suomi, 17 Olli Korhonen
44%
MV, Suomi, 91% Petteri Rimpinen
44%
H, Kanada, 38 Vincent Marleau
44%
MV, Suomi, 85% Eetu Anttila
43%
MV, Slovakia, 88% Rastislav Elias
43%
MV; USA, 91% Stefanos Lekkas
43%
H, Suomi, 34 Teemu Rautiainen
43%
H, Ruotsi, 54 Jens Lööke
42%
MV, Suomi, 89% Oskari Salminen
42%
P, Suomi, 15 Saku Salminen
42%
P, Suomi, 20 Joni Tuulola
41%
H, Tsekki, 62 Michal Kovarcik
41%
MV, Ruotsi, 92% Niklas Rubin
41%
MV; Tsekki, 91% Patrik Bartosak
41%
H, Tsekki, 35 Petr Kodytek
41%
H, Suomi, 49 ja 31 Ville ja Mikko Petman
41%
H, Suomi, 8 Aatos Koivu
40%
H, Suomi, 37 Eetu Tuulola
40%
H, Suomi, 50 Otto Kivenmäki
40%
MV, Suomi, 87% Paavo Kohonen
40%
H, Kanada, 55 Reid Gardiner
40%
H, Suomi, 32 Santeri Virtanen
40%
H, Suomi, 43 Teemu Turunen
40%
H, Suomi, 49 Antti Kalapudas
39%
P, Suomi, 16 Aron Kiviharju
39%
MV, Suomi, 89% Joni Ortio
39%
H, Suomi, 25 Petrus Palmu
39%
H, USA, 52 Ryan Lasch
39%
MV, Tsekki, 91% Dominik Pavlat
38%
H, Suomi, 17 Janne Hämäläinen
38%
H, Kanada, 14 John Quenneville
38%
MV, Suomi, 91% ja - Kim ja Kaj Saarinen
38%
H, Suomi, 13 Konsta Kapanen
38%
H, Kanada, 35 Peter Quenneville
38%
P, Suomi, 39 Teemu Eronen
38%
H, Suomi, 18 Daniel Mäkiaho
36%
H, Suomi, 45 Kristian Tanus
36%
H, Suomi, 12 Lenni Hämäläinen
36%
H, Tsekki, 53 Matyas Kantner
36%
P, Tanska, 23 Oliver Larsen
36%
P, Suomi, 38 Otto Leskinen
36%
H, Suomi, 22 Sakke Hämäläinen
36%
MV, Suomi, 89% Juha Jatkola
35%
H, Suomi, 38 Juuso Mäenpää
35%
MV, Suomi, 88% Niclas Westerholm
35%
MV, Suomi, 89% Noa Vali
35%
H, Viro, 37 Robert Rooba
35%
H, Suomi, 43 Sebastian Repo
35%
P, Suomi, 10 Tony Sund
35%
P, Suomi, 10 Atte Ohtamaa
34%
P, Suomi, 11 Daniel Nieminen
34%
H, Ruotsi, 28 ja 26 Pathrik ja Ponthus Westerholm
34%
P, Suomi, 23 Petteri Nikkilä
34%
P, Suomi, 17 Rami Määttä
34%
H; Suomi, 36 Viljami Nieminen
34%
H, Suomi, 4 Ville Leskinen
34%
H, Kanada, 41 Cameron Hillis
33%
MV, Tsekki, 91% Jakub Malek
33%
P, Ruotsi, 27 Kim Johansson
33%
H, Ruotsi, 60 Simon Hjalmarsson
33%
P, Ruotsi, 22 Simon Johansson
33%
MV, Suomi, 88% Tomi Karhunen
33%
P, USA, 37 Daniel Brickley
32%
H, Suomi, 39 Eemil Erholtz
32%
P, Suomi, 10 Ilari Melart
32%
H, Suomi, 30 Julius Mattila
32%
H, Suomi, 11 Kasper Lundell
32%
H, Suomi, 7 Micke-Max Åsten
32%
H, Suomi, 23 Veli-Matti Savinainen
32%
H; Suomi, 26 Aapeli Räsänen
31%
H, Suomi, 31 Antti Saarela
31%
H, Kanada, 45 Ben Tardif
31%
P, Suomi, 15 Jesper Mattila
31%
H, Suomi, 12 Joni Ikonen
31%
H, Suomi, 1 Juuso Ikonen
31%
H, Ruotsi, 49 Lars Bryggman
31%
H, Suomi, 51 Lenni Hämeenaho
31%
P, Ruotsi, 21 Marcus Björk
31%
P, Ruotsi, 52 Max Lindroth
31%
H, Suomi, 11 Otto Somppi
31%
P, Suomi, 5 Saku Salmela
31%
MV, Suomi, 89% Sami Rajaniemi
31%
P, Suomi, 6 Tuomas Salmela
31%
H, Suomi, 1 Aarno Erholtz
30%
P, Kanada, 17 Eric Gelinas
30%
H, Suomi, 20 Henri Ikonen
30%
H, Suomi, 35 Jere Lassila
30%
H, Suomi, 27 Juuso Puustinen
30%
P, Suomi, 0 Karri Aho
30%
P, Suomi, 32 Lasse Lappalainen
30%
H, Suomi, 19 Leo Komarov
30%
H, Suomi, 20 Miska Siikonen
30%
H, Suomi, 35 Oiva Keskinen
30%
P, Tanska, 13 Oliver Lauridsen
30%
P, Suomi, 4 Ossi Ikonen
30%
H; Suomi, 20 Otto Rauhala
30%
P, Tsekki, 20 Ronald Knot
30%
H, Unkari, 37 Vilmos Gallo
30%
MV, Suomi, 90% Eetu Randelin
28%
P, Ranska, 7 Hugo Gallet
28%
H, Suomi, 33 Jesper Piitulainen
28%
H, Suomi, 1 Juhani Jasu
28%
P, Suomi, 25 Kasper Puutio
28%
H, Ruotsi, 44 Lukas Wernblom
28%
MV, Suomi, 87% Markus Ruusu
28%
P, Suomi, 31 Mikko Kousa
28%
P, Suomi, 4 Petteri Lindbohm
28%
MV, Suomi, 85% Veini Vehviläinen
28%
P, Suomi, 34 Ville Lajunen
28%
H, Suomi, 20 Andreas Okany
27%
MV, Italia, 91% Damian Clara
27%
H, Suomi, 5 Elias Huttu
27%
MV, Suomi, 91% Filip Lindberg
27%
P, Suomi, 8 Jarkko Parikka
27%
P, Suomi, 5 Kalle Kangas
27%
H, Suomi, 36 Leevi Tukiainen
27%
H, Kanada, 34 Nathan Schnarr
27%
H, Suomi, 37 Aleksi Klemetti
26%
H, Ranska, 24 Dylan Fabre
26%
H, Ruotsi, 19 Erik Borg
26%
H, Suomi, 39 Heikki Liedes
26%
P, Ruotsi, 44 Jakob Stenqvist
26%
MV, Tsekki, 88% Miroslav Svoboda
26%
P, Suomi, 5 Mitja Jokinen
26%
P, Suomi, 8 Niklas Nykyri
26%
H, Kanada, 42 Peter Abbandonato
26%
H, Tsekki, 39 Radek Koblizek
26%
P, Suomi, 5 Roni Jokinen
26%
H, Suomi, 42 Santeri Huovila
26%
H, Suomi, 9 Tomi Sallinen
26%
H, Suomi, 10 Aleksi Antti-Roiko
25%
H, Suomi, 14 Antti Tyrväinen
25%
P, Suomi, 24 Arttu Pelli
25%
H, Suomi, 32 Heikki Huttunen
25%
H, Suomi, 13 Jaakko Lantta
25%
H, USA, 46 Karson Kuhlman
25%
MV, Kanada, 90% Mark Sinclair
25%
MV, Kanada, 89% Michael Hutchinson
25%
P, Suomi, 8 Niko Seppälä
25%
H, Tsekki, 5 Ondrej Kos
25%
H, Suomi, 10 Panu Mieho
25%
MV, Suomi, 84% Patrik Kerkola
25%
P, Suomi, 7 Ruben Rafkin
25%
P, Suomi, 24 Santeri Airola
25%
H, Ruotsi, 30 Carl Klingberg
24%
P, Ruotsi, 26 Filip Westerlund
24%
H, Suomi, 3 Jaakko Heikkinen
24%
H, Suomi, 6 Jesse Seppälä
24%
H, Suomi, 21 Jonne Tammela
24%
P, Suomi, 10 Juuso Hietanen
24%
H, Suomi, 4 Kasperi Ojantakanen
24%
H, Viro, 15 Kristjan Kombe
24%
H, Suomi, 10 Lari Heikkinen
24%
P, Tsekki, 17 Michal Jordan
24%
H, Suomi, 23 Otto Mäkinen
24%
H, Norja, 12 Philip Granath
24%
H, Suomi, 24 Roope Vesterinen
24%
H, Suomi, 9 Santeri Hartikainen
24%
P, Suomi, 6 Valtteri Hietanen
24%
H, Suomi, 31 Valtteri Ojantakanen
24%
H, Suomi, 52 Viljami Marjala
24%
H, Suomi, 32 Ville Meskanen
24%
H, Suomi, 6 Akseli Mäkinen
23%
P, Tsekki, 35 Daniel Gazda
23%
H, Suomi, 24 Elias Vilen
23%
H, Suomi, 35 Iikka Kangasniemi
23%
H, Suomi, 2 Jeremi Tammela
23%
H, Suomi, 18 Joonas Nättinen
23%
H, Suomi, 32 Kasper Simontaival
23%
P, Suomi, 3 Kasper Soini
23%
H, Suomi, 18 Leevi Teissala
23%
P, Kanada, 9 Mark Pysyk
23%
H, Suomi, 30 Peter Tiivola
23%
P, Suomi, 1 Sebastian Soini
23%
MV, Suomi, 88% Topias Rovio
23%
H, Suomi, 30 Aleks Haatanen
22%
H, Suomi, 33 Arttu Tuomaala
22%
MV, Suomi, 90% Masi Härkönen
22%
H, Slovenia, 28 Matic Török
22%
P, Suomi, 24 Miika Koivisto
22%
P, Suomi, 12 Miro Keskitalo
22%
H, USA, 43 Nicholas Halloran
22%
P, Suomi, 21 Niklas Friman
22%
H, Suomi, 8 Okko Kangasniemi
22%
H, Suomi, 33 Otto Paajanen
22%
H, Suomi, 17 Patrik Siikanen
22%
H, Suomi, 14 Pekka Jormakka
22%
H, Suomi, 25 Samuli Ratinen
22%
H, Kanada, 45 Steven Jandric
22%
P, Suomi, 0 Toni Utunen
22%
H, Suomi, 35 Topias Hynninen
22%
P, Suomi, 7 Aleksi Anttalainen
20%
P, Suomi, 9 Aleksi Laakso
20%
P, Suomi, 10 Aleksi Matinmikko
20%
MV, Suomi, 88% Jasper Patrikainen
20%
H, Suomi, 1 Markus Oden
20%
H, Suomi, 24 Petteri Puhakka
20%
P, Suomi, 19 Eetu Peltola
19%
P, Suomi, 1 Elmeri Laakso
19%
MV, Kanada, 90% Evan Buitenhuis
19%
H, Suomi, 9 Henri Nikkanen
19%
H; Suomi, 44 Jami Krannila
19%
P, Ruotsi, 0 Jonathan Andersson
19%
H, Suomi, 29 Joonas Oden
19%
H, Suomi, 12 Joonas Rask
19%
H, Suomi, 19 Lassi Vanhatalo
19%
H, Suomi, 14 Linus Nyman
19%
H, Suomi, 19 Miika Roine
19%
P, Suomi, 33 Niclas Almari
19%
P, Suomi, 3 Olli Juolevi
19%
H, Suomi, 25 Oskari Luoto
19%
H, Suomi, 10 Samu Bau
19%
H, Suomi, 4 Samuli Aaltonen
19%
P, Suomi, 9 Ville Puhakka
19%
H, USA, 30 Austin Rueschoff
18%
H, Suomi, 15 Harri Kainulainen
18%
P, Suomi, 11 Juuso Ketola
18%
H, Ruotsi, 29 Linus Andersson
18%
P, Suomi, 11 Petteri Nurmi
18%
H, Suomi, 19 Sami Päivärinta
18%
P, Suomi, 6 Sisu-Petteri Lehtonen
18%
H, Suomi, 11 Aleksi Mustonen
17%
H, Suomi, 16 Alexander Ruuttu
17%
P, Suomi, 13 Arttu Paaso
17%
H; Ruotsi, 42 Axel Holmström
17%
P, Suomi, 4 Casimir Jürgens
17%
H, Suomi, 33 Eetu Päkkilä
17%
H, Kanada, 29 Kyle Topping
17%
H, Tsekki, 31 Lubos Horky
17%
P, Tsekki, 16 Lukas Kanak
17%
H, USA, 18 Max Ellis
17%
P, Suomi, 11 Otto Latvala
17%
H, USA, 34 Patrick Khodorenko
17%
H, Ruotsi, 11 Patrik Carlsson
17%
H, Suomi, 14 Patrik Juhola
17%
H, Suomi, 10 Roope Talaja
17%
H, Ruotsi, 29 Sebastian Stålberg
17%
MV, Suomi, 63% Eemil Vinni
16%
H, Suomi, 15 Eero Klintrup
16%
H, Suomi, 0 Emil Järventie
16%
H, Suomi, 19 Janne Naukkarinen
16%
H, Suomi, 0 ja 0 Jasper ja Veeti Kuhta
16%
P, Norja, 19 Johannes Johannesen
16%
H, Suomi, 5 Joona Saarelainen
16%
P, Suomi, 17 Juuso Arola
16%
H, Suomi, 17 Juuso Heikkilä
16%
P, Suomi, 18 Kasper Kotkansalo
16%
P, Suomi, 17 Kasper Kulonummi
16%
P, Suomi, 10 Kim Nousiainen
16%
H, Suomi, 24 Nestor Noiva
16%
P, Tsekki, 12 Ondrej Trejbal
16%
H, Suomi, 29 Roni Karvinen
16%
H, Suomi, 3 Verneri Ahonen
16%
P, Suomi, 14 Ville Ruotsalainen
16%
H, Suomi, 26 Aarne Intonen
15%
H; Suomi, 7 Aarne Talvitie
15%
H, Suomi, 15 Aaro Vidgren
15%
H, Kanada, 29 Aidan Dudas
15%
P, Tsekki, 12 Andrej Sustr
15%
H, Kanada, 25 Antoine Morand
15%
H, Ruotsi, 30 Johan Sundström
15%
H, Suomi, 18 Julius Hermonen
15%
P, Suomi, 25 Kalle Loponen
15%
H; Suomi, 9 Konsta Hirvonen
15%
H, USA, 10 Lukas Svejkovsky
15%
MV, Ruotsi, 89% Marcus Hellgren-Smed
15%
H, Suomi, 24 Mikko Perttu
15%
P, Suomi, 10 Miska Kukkonen
15%
P, Suomi, 17 Nuutti Viitasalo
15%
MV, Ruotsi, 89% Olof Lindbom
15%
P, Tsekki, 13 Radek Kucerik
15%
P, Suomi, 15 Samuli Niinisaari
15%
H, Suomi, 6 Severi Immonen
15%
P, Kanada, 33 Wyatt Kalynuk
15%
P, Latvia, 2 Alberts Smits
14%
H, Latvia, 17 Anri Ravinskis
14%
H, Suomi, 10 Arttu Alasiurua
14%
P, Suomi, 2 Bruno Jalasti
14%
H, Ruotsi, 23 Daniel Torgersson
14%
MV; USA, 89% John Lethemon
14%
H, Suomi, 11 Juuso Könönen
14%
H, Suomi, 6 Juuso Nykänen
14%
P, Suomi, 6 Juuso Pulli
14%
P, Suomi, 9 Mikko Niemelä
14%
H, Suomi, 13 Miro Väänänen
14%
H, Suomi, 10 Otso Ylitalo
14%
P, Suomi, 28 Otto Salin
14%
H, Suomi, 29 Teemu Engberg
14%
H, Norja, 12 Thomas Olsen
14%
H, Suomi, 20 Topias Haapanen
14%
H, Suomi, 14 Valtteri Lipiäinen
14%
MV, Ruotsi, 88% Adam Werner
13%
MV, Kanada, 91% Antoine Bibeau
13%
P, Latvia, 2 Arturs Andzans
13%
P, USA, 37 David Farrance
13%
H, Kanada, 42 Jean-Christophe Beaudin
13%
P, Suomi, 8 Jesse Pulkkinen
13%
H, Suomi, 12 Joona Kumpula
13%
H, Suomi, 8 Joose Antonen
13%
P, Suomi, 8 Juuso Vainio
13%
MV, Suomi, 89% Matthieu Herpin
13%
P, Ruotsi, 11 Niklas Arell
13%
H, Suomi, 6 Niklas Ylitalo
13%
H, Suomi, 12 Olli Nikupeteri
13%
H, Suomi, 16 Olli Palola
13%
P, Suomi, 10 Tommi Kivistö
13%
P, Suomi, 12 Valtteri Viljanen
13%
H, Suomi, 2 Vili Munkki
13%
H, Suomi, 11 Ville Heikkala
13%
P, Kanada, 17 Alex Peters
11%
MV, Latvia, 87% Eriks Vitols
11%
H, Suomi, 3 Feetu Knihti
11%
H, Ruotsi, 27 Joachim Rohdin
11%
P, Ruotsi, 9 John Nyberg
11%
H, Suomi, 3 Miika Tiihonen
11%
H, Suomi, 1 Oliver Kopiloff
11%
P, Suomi, 4 Oskari Manninen
11%
H, Suomi, 13 Otto Hokkanen
11%
P, Suomi, 11 Petteri Riihinen
11%
H, Suomi, 16 Rasmus Kumpulainen
11%
H, Ruotsi, 25 Tim Söderlund
11%
H, Suomi, 14 Veeti Miettinen
11%
P, Suomi, 6 Ville Pokka
11%
H, Tanska, 12 Anders Koch
10%
P, Ruotsi, 13 Anton Mylläri
10%
P, Ruotsi, 11 Anton Olsson
10%
P, Ruotsi, 2 Arvid Aronsson
10%
H, Unkari, 2 Bence Horvath
10%
H; Suomi, 1 Dani Mikkonen
10%
P, Suomi, 2 Einari Luhanka
10%
H, Suomi, 1 Elias Puolanne
10%
P, Ruotsi, 1 Fredrik Granberg
10%
P, Ruotsi, 9 Hampus Falk
10%
P, Suomi, 4 Joona Riekkinen
10%
P, Suomi, 5 Juho Rautanen
10%
P, Suomi, 10 Kalle Ervasti
10%
H, Suomi, 3 Kasper Björkqvist
10%
P, Suomi, 2 Lasse Boelius
10%
H, Ruotsi, 34 Marcus Davidsson
10%
H, Ruotsi, 11 Mario Kempe
10%
H, Kanada, 4 Mike O'Leary
10%
P, Latvia, 1 Miks Tumanovs
10%
H, Suomi, 18 Niklas Appelgren
10%
P, Kanada, 19 Seth Barton
10%
H, Tsekki, 0 Tomas Poletin
10%
H, Suomi, 16 Tuukka Tieksola
10%
P, Suomi, 3 Väinö Liikonen
10%
P ja H, Suomi, 4 ja 2 Valtteri ja Santeri Koskela
10%
P, Ruotsi, 4 Viktor Persson
10%
H, Suomi, 2 Vili Toivonen
10%
P, Suomi, 13 Viljami Jokirinne
10%
H, Tsekki, 10 Adam Najman
9%
P, Suomi, 9 Aleksi Elorinne
9%
H, Ruotsi, 21 Christopher Bengtsson
9%
MV, Suomi, 86% Daniel Lebedeff
9%
P, Tsekki, 8 Dominik Masin
9%
H, Suomi, 13 Jari Sailio
9%
P, Suomi, 1 Jesper Kotajärvi
9%
H, Suomi, 6 Joni Piipponen
9%
H, Kanada, 13 Josh Lawrence
9%
H, Suomi, 9 Kalle Väisänen
9%
P, Tsekki, 6 Libor Zabransky
9%
P, Ruotsi, 6 Lucas Nordsäter
9%
H, Ruotsi, 15 Ludwig Persson
9%
P, Suomi, 9 Otso Rantakari
9%
P, Suomi, 5 Peetu Kiukas
9%
H, Kanada, 32 Riley Sawchuk
9%
H, Suomi, 5 Roni Sevänen
9%
P, Ruotsi, 12 Samuel Jonsson
9%
P, Suomi, 9 Samuli Piipponen
9%
H; Ruotsi, 2 Sebastian Wännström
9%
P, Suomi, 0 Veikka Mononen
9%
H, Norja, 10 Viktor Granholm
9%
H, Kanada, 27 Alex Dostie
8%
P, Suomi, 14 Arttu Kärki
8%
P, Suomi, 6 Hannes Häkkilä
8%
H, Suomi, 0 Juho Järvelä
8%
H, Ruotsi, 25 Kalle Miketinac
8%
MV, Suomi, 85% Karolus Kaarlehto
8%
P, Ruotsi, 3 Leo Sahlin Wallenius
8%
P, Suomi, 1 Niklas Puistola
8%
P, Suomi, 1 Niko Korkola
8%
H, Suomi, 14 Ossi-Petteri Jaakola
8%
MV, Suomi, 93% Otto Hannikainen
8%
H, Tsekki, 10 Simon Stransky
8%
H, Suomi, 6 Sisu Yliniemi
8%
P, Ruotsi, 18 Theodor Johnsson
8%
H, Kanada, 7 Thomas Caron
8%
P, Ruotsi, 4 Tobias Ekberg
8%
H, Suomi, 3 Viljam Sandvik
8%
P, Suomi, 8 Aatu Aarnio
7%
P, Suomi, 6 Ari Gröndahl
7%
H, Ruotsi, 9 Arvid Degerstedt
7%
P ja H, Suomi, 0 ja 0 Atte ja Aatu Heinänen
7%
H, Suomi, 0 Benjamin Pietilä
7%
H, Kanada, 2 Giorgio Estephan
7%
P, Suomi, 0 Jimi Junkkari
7%
H, Suomi, 8 Jonas Enlund
7%
H, USA, 12 Josh Melnick
7%
MV, Suomi, 92% Kristian Tamminen
7%
H, Suomi, 6 Markus Nenonen
7%
P, Tsekki, 5 Martin Jandus
7%
H, Suomi, 16 Maxim Korpimäki
7%
P, Kanada, 7 Michael Vukojevic
7%
H, Suomi, 9 Miro Ruokonen
7%
H, Suomi, 1 Miro Tauslahti
7%
P, Ruotsi, 9 Niclas Lundgren
7%
MV, Suomi, 88% Niilo Halonen
7%
P, Suomi, 3 Onni Käyhkö
7%
P, Suomi, 5 Onni Korkka
7%
H, Suomi, 1 Oskari Hult
7%
H, Suomi, 1 Otto Mykrä
7%
H, Suomi, 2 Robin Keihäs
7%
H, Suomi, 11 Samuel Valkeejärvi
7%
H, Suomi, 1 Valtteri Aliranta
7%
P, Suomi, 1 Verneri Arkko
7%
P, Suomi, 3 Viljami Juusola
7%
H, Tsekki, 1 Adam Bares
6%
H, Ruotsi, 10 Adam Brodecki
6%
H, USA, 20 Alex Berardinelli
6%
P, Suomi, 1 Eetu Koivunen
6%
H, Suomi, 7 Henri Knuutinen
6%
P, Suomi, 9 Jesper Ahlroth
6%
P, Suomi, 6 Joona Lehmus
6%
H, Suomi, 2 Juho Koivusaari
6%
H, Suomi, 2 Julius Janhonen
6%
H, Suomi, 2 Matti Härmä
6%
H, Saksa, 0 Maximilian Eisenmenger
6%
P, Suomi, 1 Ossi-Veikka Vuontisvaara
6%
H, Suomi, 2 Otto Jaatinen
6%
H, Suomi, 0 Teemu Tallberg
6%
H, Ruotsi, 10 Tim Lindfors
6%
P, Suomi, 1 Verneri Hellman
6%
H, Suomi, 2 Aaron Hakala
5%
H, Ruotsi, 11 Carl Mattsson
5%
H, Kanada, 1 Carter Savoie
5%
P, Kanada, 4 David Noel
5%
H, Suomi, 0 Eetu Tervo
5%
MV, Suomi, 88% Emil Vuorio
5%
P, Suomi, 3 Jesse Vuorela
5%
H, Tsekki, 25 Martin Hanzl
5%
P, Suomi, 3 Niklas Peltomäki
5%
H, Latvia, 2 Ronalds Kenins
5%
P, Ruotsi, 4 Victor Berglund
5%
H, Suomi, 9 Anton Stråka
3%
H, Kanada, 6 Brayden Tracey
3%
H, USA, 7 Casey Dornbach
3%
H, Suomi, 3 Eemil Laurell
3%
P, Suomi, 1 Eetu Vahalahti
3%
P, Suomi, 0 Iiro Karppinen
3%
H, Suomi, 1 Jere Henriksson
3%
H, Suomi, 1 Joel Kerkkänen
3%
H, Ruotsi, 0 Jonas Engström
3%
P, Kanada, 4 Nicholas Welsh
3%
P, Suomi, 6 Niilo Romppanen
3%
H, Tanska, 2 Oliver Kjaer
3%
H, Ruotsi, 12 Petter Emanuelsson
3%
H, Suomi, 2 Riku Tohila
3%
P, Suomi, 1 Saku Forsblom
3%
P, Suomi, 1 Teemu Suhonen
3%
H, Suomi, 2 Venni Tolppola
3%
H, Suomi, 2 Aleksi Sinkkonen
2%
P, Norja, 7 Christian Kåsastul
2%
H, Suomi, 0 Jiro Frilander
2%
H; Suomi, 16 Kim Strömberg
2%
P, Kanada, 2 Nolan Orzeck
2%
MV, Suomi, -% Ville Kolehmainen
2%
H, Kanada, 2 Cole Fonstad
1%
P, Suomi, 0 Joel Olkkonen
1%
H, Suomi, 2 Leevi Viitala
1%
P, Ruotsi, 3 Viktor Lang
1%
H, USA, 0 Isaac Johnson
0%
P, USA, 2 Tim Lovell
0%
Ehtoja vastaavia visoja ei löytynyt
Tulosjakauma
Jokaisen tuloksen saaneiden osuus
Persentiili vastausten määrän mukaan
Tuloshistoriasi
Et ole pelannut tätä visaa sen viimeisimmän päivityksen jälkeen